00844nam a2200217 a 450000100100000000500170001000800410002704000250006804100380009308200140013124501170014526000370026230000350029953400490033470000270038370000340041070000370044404900100048195201180049199900170060900002350220200930022250.0101209s1968 mx ac r 000 0 spa d aDO-SdBNPbspacBNPHU17aspaheng2Código de idioma MARC aNNNbS47801aEL señor magistrado /cCompiladores Allison Dunham y Philip B. Kurland ; Versión española: Carlos Palomar. aMéxico :bLimusa Wiley,c1968. a426 p. :bil., retrs ;c19 cm. aTítulo original en inglés:tMr. justice.1 aPalomar, Carlos9484321 aDunham, Allisonecomp.9484331 aKurland, Philip B.ecomp.948434 aBNPHU 001054708MOaGRbGRcCTd2010-12-14iLF1l0oNNN S478p23502-10r2020-06-25w2020-06-25y4ZPréstamo en sala c22998d22998